Technika cestovního ruchu
Salvato in:
| Autore principale: | |
|---|---|
| Natura: | Libro |
| Lingua: | ceco |
| Pubblicazione: |
Praha
Grada
1997
|
| Edizione: | 1. vyd. |
| Soggetti: | |
| Tags: |
Nessun Tag, puoi essere il primo ad aggiungerne!!
|
MARC
| LEADER | 00000nam a2200000 4500 | ||
|---|---|---|---|
| 001 | c020175 | ||
| 005 | 20230228085803.2 | ||
| 020 | |a 80-7169-476-2 | ||
| 041 | 0 | |a cze | |
| 044 | |a CZ | ||
| 245 | 1 | 0 | |a Technika cestovního ruchu |c Jitka Hladká |
| 250 | |a 1. vyd. | ||
| 264 | 1 | |a Praha |b Grada |c 1997 | |
| 300 | |a 161 s. | ||
| 610 | 2 | 0 | |a ruch cestovný |
| 610 | 2 | 0 | |a služby |
| 610 | 2 | 0 | |a ubytovanie |
| 610 | 2 | 0 | |a stravovanie spoločné |
| 610 | 2 | 0 | |a doprava |
| 610 | 2 | 0 | |a sprievodcovia |
| 610 | 2 | 0 | |a poistenie dopravné |
| 610 | 2 | 0 | |a kúpele |
| 610 | 2 | 0 | |a zmenárne |
| 610 | 2 | 0 | |a clá |
| 610 | 2 | 0 | |a doprava železničná |
| 610 | 2 | 0 | |a doprava cestná |
| 610 | 2 | 0 | |a kancelárie cestovné |
| 100 | 1 | |a Hladká, Jitka | |